000 00979cad a22002415a 4500
001 L158301
008 121219e2014 xxk 000 0 eng d
035 _a(Sirsi) u158301
041 0 _aeng
100 1 _aHarrison, Greg
245 0 0 _aDon't get caught out
_h[electronic resource]
260 _c2014
490 _aRICS Property Journal
_vDecember 2014 - January 2015, 24-25(2)
520 _aFocuses on the difference between activities carried out by surveyors and regulated by Financial Conduct Authority (FCA) and how it affects the professional indemnity insurance (PII).
650 2 4 _aPROFESSIONAL INDEMNITY INSURANCE
650 2 4 _aFINANCIAL CONDUCT AUTHORITY
651 4 _aUnited Kingdom
_y
690 _aFinance and taxation
690 _aInsurance
_96249
710 _aRoyal Institution of Chartered Surveyors
_94900
856 4 0 _uhttps://www.rics.org/uk/news/journals/property-journal
_zView the journal free of charge at www.rics.org/journals...
942 _n0
999 _c84552
_d84552